[Event "AUT-chT2W 1819"]
[Site "Austria"]
[Date "2018.12.08"]
[Round "4.6"]
[White "Nussbaumer, Leon"]
[Black "Poettinger, Harald"]
[Result "0-1"]
[WhiteElo "1977"]
[BlackElo "2165"]
[PlyCount "110"]
[EventDate "2018.10.12"]
[EventType "team-tourn"]
[EventRounds "11"]
[EventCountry "AUT"]
[SourceTitle "CBM 189 Extra"]
[Source "ChessBase"]
[SourceDate "2019.06.03"]
[SourceVersion "1"]
[SourceVersionDate "2019.06.03"]
[SourceQuality "1"]
[WhiteTeam "Pradl"]
[BlackTeam "Bregenz"]
[WhiteTeamCountry "AUT"]
[BlackTeamCountry "AUT"]

1. e4 d6 2. d4 Nf6 3. Nc3 e5 4. Nf3 Nbd7 5. Bc4 Be7 6. h3 c6 7. Be3 b5 8. Bd3 Qc7 9. a3 Bb7 10. 0-0 0-0 11. dxe5 dxe5 12. Nh4 Bc5 13. Qd2 Rfe8 14. Nf5 Re6 15. b4 Bf8 16. Rae1 a6 17. f4 c5 18. fxe5 Nxe5 19. bxc5 Bxc5 20. Bxc5 Qxc5+ 21. Kh1 Ng6 22. e5 Rxe5 23. Rxe5 Qxe5 24. Re1 Qc5 25. Nd1 Re8 26. Rxe8+ Nxe8 27. Qb4 Qxb4 28. axb4 Nf4 29. Bf1 g6 30. Nd4 Nxh3 31. Nb3 Nf4 32. Nc5 Bc8 33. Ne3 Nc7 34. c4 Kf8 35. cxb5 axb5 36. Nc2 Nfe6 37. Ne4 Ke7 38. Nc3 Bd7 39. Na3 Nd4 40. Nab1 f5 41. Kg1 Kd6 42. Kf2 Ke5 43. Na3 Bc6 44. Bd3 h5 45. Bf1 h4 46. Bd3 g5 47. Nab1 f4 48. Na3 g4 49. Nab1 g3+ 50. Kg1 f3 51. Nd2 fxg2 52. Be4 Bxe4 53. Ncxe4 h3 54. Nxg3 Nd5 55. Kf2 Nf4 0-1

[Event "AUT-chT2W 1718"]
[Site "Austria"]
[Date "2017.12.03"]
[Round "5.1"]
[White "Poettinger, Harald"]
[Black "Jedinger, Andreas"]
[Result "1-0"]
[WhiteElo "2198"]
[BlackElo "2108"]
[PlyCount "87"]
[EventDate "2017.10.13"]
[EventType "team-tourn"]
[EventRounds "11"]
[EventCountry "AUT"]
[SourceTitle "CBM 181 Extra"]
[Source "ChessBase"]
[SourceDate "2017.12.12"]
[SourceVersion "1"]
[SourceVersionDate "2017.12.12"]
[SourceQuality "1"]
[WhiteTeam "Bregenz"]
[BlackTeam "Rochade Rum"]
[WhiteTeamCountry "AUT"]
[BlackTeamCountry "AUT"]

1. d4 Nf6 2. Bf4 g6 3. e3 Bg7 4. Nf3 d6 5. h3 0-0 6. c4 b6 7. Nc3 Bb7 8. Qc2 Nbd7 9. Be2 e5 10. Bh2 Qe7 11. 0-0 a5 12. c5 bxc5 13. dxe5 dxe5 14. Rac1 Nd5 15. Nxd5 Bxd5 16. Rfd1 Bc6 17. Nd2 f5 18. Nb3 f4 19. Nxc5 fxe3 20. Qb3+ Kh8 21. Qxe3 Nb6 22. Nd3 Bb7 23. Bxe5 Bxe5 24. Qxe5+ Qxe5 25. Nxe5 Rae8 26. Bf3 Rxe5 27. Bxb7 Re2 28. Rxc7 Rxb2 29. Rd6 Kg8 30. Bf3 Rb8 31. Re6 Rd2 32. Ra7 Nd7 33. Re7 Nf6 34. Rxa5 Kf8 35. Raa7 Rb1+ 36. Kh2 Rb6 37. Kg3 h5 38. a4 g5 39. a5 Rbd6 40. Rf7+ Ke8 41. a6 R2d3 42. Rae7+ Kd8 43. a7 Ra6 44. Re3 1-0

[Event "AUT-chT2W 1718"]
[Site "Austria"]
[Date "2017.12.02"]
[Round "4.1"]
[White "Sucher, Johannes"]
[Black "Poettinger, Harald"]
[Result "1/2-1/2"]
[WhiteElo "2083"]
[BlackElo "2198"]
[PlyCount "173"]
[EventDate "2017.10.13"]
[EventType "team-tourn"]
[EventRounds "11"]
[EventCountry "AUT"]
[SourceTitle "CBM 181 Extra"]
[Source "ChessBase"]
[SourceDate "2017.12.12"]
[SourceVersion "1"]
[SourceVersionDate "2017.12.12"]
[SourceQuality "1"]
[WhiteTeam "Pradl"]
[BlackTeam "Bregenz"]
[WhiteTeamCountry "AUT"]
[BlackTeamCountry "AUT"]

1. d4 d6 2. e4 Nf6 3. Nc3 e5 4. Nf3 Nbd7 5. h3 Be7 6. Bc4 c6 7. Bb3 0-0 8. 0-0 b5 9. Re1 a6 10. a4 Bb7 11. axb5 axb5 12. Rxa8 Bxa8 13. Qe2 h6 14. Rd1 Qc7 15. d5 b4 16. dxc6 bxc3 17. cxd7 Bxe4 18. bxc3 Rd8 19. Nd2 Bf5 20. Nc4 Bxd7 21. Be3 Bb5 22. Ra1 Rc8 23. Ra7 Qd8 24. Rb7 Ba6 25. Rb6 Ra8 26. Qd1 Bxc4 27. Bxc4 d5 28. Bb3 d4 29. cxd4 Qxb6 30. dxe5 Qd8 31. Qxd8+ Rxd8 32. exf6 Bxf6 33. g3 Bd4 34. Bf4 g5 35. Bc7 Rc8 36. Ba5 Kg7 37. Kg2 f5 38. Kf3 Kf6 39. Bb4 Rb8 40. Bd2 Ra8 41. Bc4 Ke5 42. Bd3 Ra3 43. Kg2 Kf6 44. g4 f4 45. Bb4 Ra8 46. Bd2 Rc8 47. Bb4 Bc3 48. Bd6 Rc6 49. Bf8 Kf7 50. Ba3 Kf6 51. Bf8 Rc8 52. Bd6 Kf7 53. h4 Rd8 54. Bc7 Rd7 55. Bb8 Ke7 56. Be4 Rd8 57. hxg5 hxg5 58. Ba7 Bd4 59. Bxd4 Rxd4 60. Kf3 Kd6 61. Bh7 Kc5 62. Bg8 Rd2 63. Bh7 Kd4 64. Bg6 Kc3 65. Bf5 Rd8 66. Bg6 Rd6 67. Bf5 Rd1 68. Ke2 Rg1 69. Kf3 Re1 70. Bg6 Re5 71. Bh7 Kd2 72. c4 Re2 73. c5 Ke1 74. c6 Rxf2+ 75. Ke4 Rc2 76. Kd5 Rc1 77. Be4 Ke2 78. Ke6 f3 79. Kf6 f2 80. Bg2 Rxc6+ 81. Kxg5 f1Q 82. Bxf1+ Kxf1 83. Kf5 Kg2 84. g5 Kh3 85. g6 Kh4 86. g7 Rc8 87. Kg6 1/2-1/2

[Event "AUT-chT2W 1516"]
[Site "Austria"]
[Date "2016.03.05"]
[Round "10.3"]
[White "Poettinger, Harald"]
[Black "Nussbaumer, Leon"]
[Result "1/2-1/2"]
[WhiteElo "2212"]
[BlackElo "1890"]
[PlyCount "81"]
[EventDate "2015.10.16"]
[EventType "team-tourn"]
[EventRounds "11"]
[EventCountry "AUT"]
[SourceTitle "EXT 2017"]
[Source "ChessBase"]
[SourceDate "2016.10.25"]
[SourceVersion "1"]
[SourceVersionDate "2016.10.25"]
[SourceQuality "1"]
[WhiteTeam "Bregenz"]
[BlackTeam "Pradl"]
[WhiteTeamCountry "AUT"]
[BlackTeamCountry "AUT"]

1. c4 e6 2. g3 d5 3. Nf3 Nf6 4. Bg2 c6 5. 0-0 Nbd7 6. d4 dxc4 7. a4 b5 8. b3 Bb7 9. bxc4 bxc4 10. Na3 c5 11. Nxc4 Bd5 12. Ne3 Be4 13. Ba3 cxd4 14. Qxd4 Bxa3 15. Rxa3 0-0 16. Rd1 Qb6 17. a5 Qxd4 18. Nxd4 Bxg2 19. Kxg2 Rfc8 20. Rb1 Rc7 21. f3 Kf8 22. Rb4 Rac8 23. Kf2 Nc5 24. g4 h6 25. h4 Ke7 26. Ra2 Ncd7 27. Rab2 Rc5 28. Rb5 a6 29. Rxc5 Rxc5 30. Rb7 Ke8 31. Ra7 Nb8 32. Rb7 Nfd7 33. Nb3 Rb5 34. Rxb5 axb5 35. Ke1 Nc6 36. Kd2 Kd8 37. Kc3 Kc7 38. Nc2 Nde5 39. Nbd4 Nxa5 40. Nxb5+ Kd7 41. Ncd4 1/2-1/2

[Event "AUT-chT2W 1516"]
[Site "Austria"]
[Date "2016.01.22"]
[Round "6.6"]
[White "Poettinger, Harald"]
[Black "Herrmann, Michael2222"]
[Result "1-0"]
[WhiteElo "2212"]
[BlackElo "2103"]
[PlyCount "79"]
[EventDate "2015.10.16"]
[EventType "team-tourn"]
[EventRounds "11"]
[EventCountry "AUT"]
[SourceTitle "CBM 170 Extra"]
[Source "ChessBase"]
[SourceDate "2016.02.25"]
[SourceVersion "1"]
[SourceVersionDate "2016.02.25"]
[SourceQuality "1"]
[WhiteTeam "Bregenz"]
[BlackTeam "Salzburg"]
[WhiteTeamCountry "AUT"]
[BlackTeamCountry "AUT"]

1. c4 c6 2. g3 d5 3. Nf3 Nf6 4. Bg2 Bf5 5. cxd5 cxd5 6. Qb3 Qc8 7. Nc3 e6 8. 0-0 h6 9. d3 Nc6 10. Bf4 g5 11. Be3 Be7 12. Nd4 Bg6 13. Rac1 Qd7 14. Nxc6 bxc6 15. Na4 0-0 16. Bc5 Rfc8 17. Qa3 Bd8 18. Rc2 Qe8 19. Rfc1 Nd7 20. Bd6 Nb6 21. Nc5 Bf6 22. Nb3 Nc4 23. dxc4 Bxc2 24. Rxc2 Qd8 25. e4 a5 26. e5 Bg7 27. Nd4 Qb6 28. Qe3 Rd8 29. c5 Qb7 30. f4 gxf4 31. gxf4 Kh8 32. f5 exf5 33. Nxf5 Kh7 34. Bf1 Rg8 35. Kh1 Qb4 36. Bd3 Kh8 37. Nxh6 Rgf8 38. Rg2 f6 39. Qh3 Qe1+ 40. Rg1 1-0

[Event "AUT-chT2W 1415"]
[Site "Austria"]
[Date "2015.01.24"]
[Round "7.3"]
[White "Hoellrigl, Wilfried"]
[Black "Poettinger, Harald"]
[Result "0-1"]
[WhiteElo "2167"]
[BlackElo "2203"]
[PlyCount "76"]
[EventDate "2014.10.10"]
[EventType "team-tourn"]
[EventRounds "11"]
[EventCountry "AUT"]
[SourceTitle "EXT 2016"]
[Source "ChessBase"]
[SourceDate "2015.10.08"]
[SourceVersion "1"]
[SourceVersionDate "2015.10.08"]
[SourceQuality "1"]
[WhiteTeam "Rum Rochade"]
[BlackTeam "Bregenz"]
[WhiteTeamCountry "AUT"]
[BlackTeamCountry "AUT"]

1. e4 d6 2. d4 Nf6 3. Nc3 e5 4. Nf3 Nbd7 5. Bc4 Be7 6. 0-0 0-0 7. Re1 c6 8. a4 h6 9. Ba2 Re8 10. h3 Qc7 11. dxe5 dxe5 12. Nh4 Nf8 13. Qf3 Be6 14. Nf5 Bxa2 15. Rxa2 Ne6 16. Be3 Rad8 17. Raa1 Nd4 18. Bxd4 exd4 19. Ne2 c5 20. Neg3 Qc6 21. Qf4 Bf8 22. Qh4 Kh7 23. e5 g5 24. Ne4 gxh4 25. Nxf6+ Kh8 26. f4 Re6 27. Nh5 Be7 28. Kh2 Rg8 29. Re2 Reg6 30. Rg1 Qe6 31. g4 Qxf5 32. gxf5 Rxg1 33. f6 Bf8 34. b3 b6 35. Rf2 Re1 36. Rd2 Kh7 37. Rf2 Rgg1 38. Rd2 Kg6 0-1

[Event "AUT-chT2W 1415"]
[Site "Austria"]
[Date "2014.10.11"]
[Round "2.4"]
[White "Kanonier, Clemens"]
[Black "Poettinger, Harald"]
[Result "0-1"]
[WhiteElo "2128"]
[BlackElo "2203"]
[PlyCount "52"]
[EventDate "2014.10.10"]
[EventType "team-tourn"]
[EventRounds "11"]
[EventCountry "AUT"]
[SourceTitle "EXT 2015"]
[Source "ChessBase"]
[SourceDate "2014.11.20"]
[SourceVersion "1"]
[SourceVersionDate "2014.11.20"]
[SourceQuality "1"]
[WhiteTeam "Dornbirn"]
[BlackTeam "Bregenz"]
[WhiteTeamCountry "AUT"]
[BlackTeamCountry "AUT"]

1. e4 d6 2. d4 Nf6 3. Nc3 e5 4. Nf3 Nbd7 5. h3 Be7 6. g4 c6 7. a4 0-0 8. Bg2 h6 9. 0-0 Re8 10. b3 Qc7 11. g5 hxg5 12. Nxg5 Nf8 13. f4 Qa5 14. b4 Qxb4 15. Ne2 Ne6 16. c3 Qa5 17. f5 Nxg5 18. Bxg5 exd4 19. cxd4 Nxe4 20. Bxe7 Rxe7 21. Bxe4 Rxe4 22. Ng3 Rh4 23. Qe2 Qd8 24. Kh2 Bd7 25. Rg1 Qg5 26. Raf1 Re8 0-1

[Event "AUT-chT2W 1314"]
[Site "Austria"]
[Date "2013.10.19"]
[Round "2.5"]
[White "Gsteu, Peter"]
[Black "Poettinger, Harald"]
[Result "1-0"]
[WhiteElo "2108"]
[BlackElo "2239"]
[PlyCount "61"]
[EventDate "2013.10.18"]
[EventType "team-tourn"]
[EventRounds "11"]
[EventCountry "AUT"]
[SourceTitle "EXT 2014"]
[Source "ChessBase"]
[SourceDate "2013.11.20"]
[SourceVersion "1"]
[SourceVersionDate "2013.11.20"]
[SourceQuality "1"]
[WhiteTeam "Dornbirn"]
[BlackTeam "Bregenz"]
[WhiteTeamCountry "AUT"]
[BlackTeamCountry "AUT"]

1. d4 d6 2. Nf3 g6 3. Bf4 Bg7 4. e3 Nd7 5. h3 e5 6. Bh2 Qe7 7. Be2 Ngf6 8. 0-0 0-0 9. c4 Re8 10. Nc3 e4 11. Nd2 h5 12. b4 Nf8 13. a4 Bf5 14. a5 N8h7 15. b5 Qd7 16. b6 c6 17. a6 Bf8 18. axb7 Qxb7 19. bxa7 Rxa7 20. Rxa7 Qxa7 21. Qa1 Qd7 22. Qa6 Ng5 23. Rb1 Rc8 24. Rb7 Qe8 25. Bd1 Qe6 26. Rb6 Qe8 27. Ba4 Bd7 28. Rb7 h4 29. Qb6 Be7 30. Qa5 Bf8 31. Qxg5 1-0

[Event "Liechtenstein op 31st"]
[Site "Triesen"]
[Date "2013.05.10"]
[Round "8"]
[White "Poettinger, Harald"]
[Black "Kuhn, Thomas"]
[Result "1-0"]
[WhiteElo "2250"]
[BlackElo "2158"]
[PlyCount "43"]
[EventDate "2013.05.03"]
[EventType "swiss"]
[EventRounds "9"]
[EventCountry "LIE"]
[SourceTitle "CBM 154 Extra"]
[Source "ChessBase"]
[SourceDate "2013.06.25"]
[SourceVersion "2"]
[SourceVersionDate "2013.06.25"]
[SourceQuality "1"]

1. c4 c6 2. g3 d5 3. Nf3 Bg4 4. Bg2 e6 5. 0-0 Bd6 6. d3 Ne7 7. e4 0-0 8. Nc3 Bc7 9. b3 a5 10. Ba3 Re8 11. Re1 Bd6 12. Bxd6 Qxd6 13. Qc2 Na6 14. a3 Red8 15. exd5 cxd5 16. cxd5 Rac8 17. Ne5 Nxd5 18. Bxd5 exd5 19. Nxg4 d4 20. Ne4 Qf8 21. Qd1 f5 22. Ng5 1-0

[Event "Liechtenstein op 31st"]
[Site "Triesen"]
[Date "2013.05.07"]
[Round "5"]
[White "Poettinger, Harald"]
[Black "Scheffknecht, Philipp"]
[Result "0-1"]
[WhiteElo "2250"]
[BlackElo "2074"]
[PlyCount "60"]
[EventDate "2013.05.03"]
[EventType "swiss"]
[EventRounds "9"]
[EventCountry "LIE"]
[SourceTitle "CBM 154 Extra"]
[Source "ChessBase"]
[SourceDate "2013.06.25"]
[SourceVersion "2"]
[SourceVersionDate "2013.06.25"]
[SourceQuality "1"]

1. c4 Nf6 2. g3 e5 3. Bg2 d5 4. cxd5 Nxd5 5. Nf3 Nc6 6. 0-0 Nb6 7. Nc3 Be7 8. a3 0-0 9. b4 Be6 10. Rb1 f6 11. d3 a5 12. b5 Nd4 13. Nd2 c6 14. bxc6 Nxc6 15. Re1 Rb8 16. Rb5 Qc7 17. e3 Rfd8 18. Qc2 Nb4 19. axb4 axb4 20. Rxb6 Qxb6 21. Na4 Qb5 22. Nb2 b3 23. Qb1 Bb4 24. Rd1 Qa6 25. Ne4 Qa2 26. Bd2 Bxd2 27. Nxd2 Rbc8 28. Bxb7 Rc2 29. Ndc4 Bxc4 30. dxc4 Rdd2 0-1

[Event "Liechtenstein op 31st"]
[Site "Triesen"]
[Date "2013.05.04"]
[Round "2"]
[White "Marentini, Marcel"]
[Black "Poettinger, Harald"]
[Result "1/2-1/2"]
[WhiteElo "2060"]
[BlackElo "2250"]
[PlyCount "49"]
[EventDate "2013.05.03"]
[EventType "swiss"]
[EventRounds "9"]
[EventCountry "LIE"]
[SourceTitle "CBM 154 Extra"]
[Source "ChessBase"]
[SourceDate "2013.06.25"]
[SourceVersion "2"]
[SourceVersionDate "2013.06.25"]
[SourceQuality "1"]

1. c4 e5 2. g3 d6 3. Nc3 f5 4. Bg2 Nf6 5. d3 Be7 6. e4 0-0 7. Nge2 fxe4 8. dxe4 c5 9. 0-0 Nc6 10. Bg5 Nd4 11. Bxf6 Bxf6 12. Nd5 Bg4 13. f3 Be6 14. Nec3 Qd7 15. Qd3 Rab8 16. Rab1 a6 17. b4 b5 18. cxb5 axb5 19. f4 Rfc8 20. Kh1 Bd8 21. Rf2 cxb4 22. Nxb4 Ba5 23. Ncd5 Bxb4 24. Nxb4 Ra8 25. f5 1/2-1/2

[Event "Liechtenstein op 31st"]
[Site "Triesen"]
[Date "2013.05.03"]
[Round "1"]
[White "Poettinger, Harald"]
[Black "Polzin, Jens Peter"]
[Result "1-0"]
[WhiteElo "2250"]
[BlackElo "1928"]
[PlyCount "103"]
[EventDate "2013.05.03"]
[EventType "swiss"]
[EventRounds "9"]
[EventCountry "LIE"]
[SourceTitle "CBM 154 Extra"]
[Source "ChessBase"]
[SourceDate "2013.06.25"]
[SourceVersion "2"]
[SourceVersionDate "2013.06.25"]
[SourceQuality "1"]

1. c4 e5 2. g3 Nf6 3. Bg2 Nc6 4. Nc3 d6 5. Nf3 Be7 6. d4 exd4 7. Nxd4 Nxd4 8. Qxd4 0-0 9. 0-0 a6 10. b3 Re8 11. Bb2 Bf8 12. h3 Qe7 13. Rfe1 Qe5 14. Nd5 Qxd4 15. Bxd4 Nxd5 16. cxd5 Bd7 17. Rac1 Rac8 18. e4 c6 19. dxc6 Bxc6 20. Re3 f6 21. h4 Bd7 22. Rxc8 Rxc8 23. Rc3 Rxc3 24. Bxc3 Bc6 25. f4 Kf7 26. Kf2 Be7 27. Bf3 Bd8 28. Bd4 Bc7 29. Ke3 Ke7 30. h5 Kf7 31. Be2 b5 32. b4 Ke7 33. Bd1 Be8 34. a3 Bf7 35. Bf3 Bc4 36. Bg4 Be6 37. Bxe6 Kxe6 38. f5+ Kd7 39. h6 gxh6 40. Bxf6 Ke8 41. g4 Kf7 42. Bh4 Bb6+ 43. Kd3 Ba7 44. Bg3 Ke7 45. Bf4 h5 46. gxh5 Kd7 47. Be3 Bb8 48. Bd4 Bc7 49. Ke3 Bd8 50. Kf4 Bh4 51. e5 dxe5+ 52. Kxe5 1-0

[Event "AUT-chT2W 1213"]
[Site "Austria"]
[Date "2013.03.10"]
[Round "11.5"]
[White "Poettinger, Harald"]
[Black "Schiestl, Josef"]
[Result "1-0"]
[WhiteElo "2238"]
[BlackElo "2115"]
[PlyCount "163"]
[EventDate "2012.10.05"]
[EventType "team-tourn"]
[EventRounds "11"]
[EventCountry "AUT"]
[SourceTitle "EXT 2014"]
[Source "ChessBase"]
[SourceDate "2013.11.20"]
[SourceVersion "1"]
[SourceVersionDate "2013.11.20"]
[SourceQuality "1"]
[WhiteTeam "Bregenz"]
[BlackTeam "Zillertal"]
[WhiteTeamCountry "AUT"]
[BlackTeamCountry "AUT"]

1. c4 Nf6 2. g3 g6 3. Bg2 Bg7 4. Nc3 0-0 5. d4 d6 6. Nf3 Nc6 7. 0-0 a6 8. Qd3 Bg4 9. d5 Bxf3 10. exf3 Ne5 11. Qe2 c5 12. f4 Ned7 13. a4 Qc7 14. Qd3 Rad8 15. Bd2 Rfe8 16. Rae1 Nf8 17. f5 Ng4 18. b3 Nh6 19. fxg6 hxg6 20. Bh3 Nd7 21. f4 f5 22. Bg2 Nf8 23. h3 Qd7 24. Re2 Kh7 25. Rfe1 e5 26. dxe6 Rxe6 27. Bd5 Rxe2 28. Qxe2 Ng8 29. g4 Nf6 30. g5 Re8 31. Qf3 Rxe1+ 32. Bxe1 Nxd5 33. Nxd5 Ne6 34. Bc3 Nd4 35. Bxd4 Bxd4+ 36. Kf1 b5 37. axb5 axb5 38. Qe2 bxc4 39. bxc4 Kg7 40. Qe7+ Qxe7 41. Nxe7 Kf7 42. Nd5 Ke6 43. Ke2 Bg1 44. Kd3 Bf2 45. Kd2 Kf7 46. Kc2 Ke6 47. Kb3 Be1 48. Ka4 Bd2 49. Kb5 Kd7 50. Kb6 Bc1 51. Kb5 Bd2 52. Ka6 Bc1 53. Kb6 Bd2 54. Kb5 Bc1 55. Ka4 Bd2 56. Kb3 Ke6 57. Kc2 Be1 58. Kd1 Bf2 59. Ke2 Bd4 60. Kf3 Bb2 61. Kg3 Bc1 62. Kf3 Bd2 63. Ke2 Ba5 64. Kd1 Bd8 65. Kc2 Ba5 66. Ne3 Be1 67. Nd5 Bf2 68. Kb3 Be1 69. Ka4 Bd2 70. Kb5 Bc1 71. Kc6 Bd2 72. Kc7 Ba5+ 73. Kc8 Bd2 74. Kd8 Kf7 75. Kd7 Be1 76. Kxd6 Bf2 77. Nc7 Bg1 78. Ne6 Be3 79. Ke5 Bf2 80. h4 Bxh4 81. Nxc5 Ke7 82. Nd3 1-0

[Event "AUT-chT2W 1213"]
[Site "Austria"]
[Date "2012.11.30"]
[Round "4.5"]
[White "Hamberger, Hermann"]
[Black "Poettinger, Harald"]
[Result "1/2-1/2"]
[WhiteElo "2114"]
[BlackElo "2238"]
[PlyCount "59"]
[EventDate "2012.10.05"]
[EventType "team-tourn"]
[EventRounds "11"]
[EventCountry "AUT"]
[SourceTitle "EXT 2014"]
[Source "ChessBase"]
[SourceDate "2013.11.20"]
[SourceVersion "1"]
[SourceVersionDate "2013.11.20"]
[SourceQuality "1"]
[WhiteTeam "Mozart"]
[BlackTeam "Bregenz"]
[WhiteTeamCountry "AUT"]
[BlackTeamCountry "AUT"]

1. e4 d6 2. d4 Nf6 3. Nc3 e5 4. Nf3 Nbd7 5. Bc4 Be7 6. 0-0 0-0 7. Qe2 exd4 8. Nxd4 Ne5 9. Bb3 c5 10. Nf5 Bxf5 11. exf5 Qd7 12. Nd5 Rfe8 13. Nxf6+ Bxf6 14. Bd5 Nc6 15. Qb5 a6 16. Bxc6 Qxc6 17. Qxc6 bxc6 18. Bf4 Be5 19. Bxe5 Rxe5 20. Rad1 d5 21. Rd3 Rb8 22. Ra3 Rb6 23. b3 d4 24. g4 Kf8 25. Ra5 Ke7 26. Rd1 Kd6 27. Kf1 h5 28. h3 Re4 29. gxh5 Re5 30. Rd3 1/2-1/2

[Event "Liechtenstein op 30th"]
[Site "Triesen"]
[Date "2012.05.16"]
[Round "6"]
[White "Poettinger, Harald"]
[Black "Schnegg, Anna Lena"]
[Result "1/2-1/2"]
[WhiteElo "2227"]
[BlackElo "2084"]
[PlyCount "60"]
[EventDate "2012.05.11"]
[EventType "swiss"]
[EventRounds "9"]
[EventCountry "LIE"]
[SourceTitle "CBM 148 Extra"]
[Source "ChessBase"]
[SourceDate "2012.06.22"]
[SourceVersion "1"]
[SourceVersionDate "2012.06.22"]
[SourceQuality "1"]

1. c4 c5 2. g3 Nf6 3. Bg2 d5 4. cxd5 Nxd5 5. Nc3 Nc7 6. Nf3 Nc6 7. 0-0 e5 8. a3 Bd7 9. d3 Be7 10. Be3 0-0 11. Rc1 Rc8 12. Nd2 f6 13. Na4 b6 14. b4 Nd4 15. Re1 cxb4 16. Bxd4 Bxa4 17. Qxa4 Qxd4 18. Qxa7 Bc5 19. Ne4 Nb5 20. Qa4 Nxa3 21. Qb3+ Kh8 22. e3 Qd7 23. Red1 Nb5 24. Bf1 f5 25. d4 exd4 26. Nxc5 bxc5 27. Qa4 Rb8 28. Rxc5 Qa7 29. Qxa7 Nxa7 30. exd4 Nc8 1/2-1/2

[Event "Vienna op 17th"]
[Site "Vienna"]
[Date "2011.08.14"]
[Round "2"]
[White "Poettinger, Harald"]
[Black "Schroll, Gerhard"]
[Result "0-1"]
[WhiteElo "2184"]
[BlackElo "2414"]
[PlyCount "88"]
[EventDate "2011.08.13"]
[EventType "swiss"]
[EventRounds "9"]
[EventCountry "AUT"]
[SourceTitle "CBM 143 Extra"]
[Source "ChessBase"]
[SourceDate "2011.08.29"]
[SourceVersion "1"]
[SourceVersionDate "2011.08.29"]
[SourceQuality "1"]

1. c4 e6 2. g3 d5 3. Bg2 Nf6 4. Nf3 Be7 5. 0-0 d4 6. e3 Nc6 7. exd4 0-0 8. d3 Nxd4 9. Nxd4 Qxd4 10. Qe2 e5 11. Be3 Qg4 12. f3 Qg6 13. Nc3 Bf5 14. Rad1 Rad8 15. Ne4 b6 16. Nf2 Rfe8 17. Bh3 Bxh3 18. Nxh3 Nd7 19. d4 exd4 20. Nf4 Qg5 21. Bxd4 Bd6 22. Qg2 Bxf4 23. gxf4 Qxg2+ 24. Kxg2 c5 25. Bc3 Nb8 26. Kf2 Kf8 27. Rg1 f6 28. b4 cxb4 29. Bxb4+ Kf7 30. Bd6 Nc6 31. c5 b5 32. Rd3 a5 33. a3 Rd7 34. Rb1 Rb7 35. f5 Rc8 36. Ke3 a4 37. Ke4 b4 38. axb4 Rxb4+ 39. Rxb4 Nxb4 40. Rd4 Re8+ 41. Kf4 Nc6 42. Rxa4 g5+ 43. Kg4 h5+ 44. Kxh5 Rh8+ 0-1

[Event "Liechtenstein op 29th"]
[Site "Triesen"]
[Date "2011.06.02"]
[Round "7"]
[White "Poettinger, Harald"]
[Black "Nussbaumer, Leon"]
[Result "1-0"]
[WhiteElo "2198"]
[BlackElo "1890"]
[PlyCount "31"]
[EventDate "2011.05.27"]
[EventType "swiss"]
[EventRounds "9"]
[EventCountry "LIE"]
[SourceTitle "CBM 142 Extra"]
[Source "ChessBase"]
[SourceDate "2011.06.27"]
[SourceVersion "1"]
[SourceVersionDate "2011.06.27"]
[SourceQuality "1"]

1. c4 e6 2. g3 d5 3. Bg2 Nf6 4. Nf3 c6 5. 0-0 Bd6 6. d4 0-0 7. Nc3 Nbd7 8. Nd2 Re8 9. e4 dxe4 10. Ndxe4 Nxe4 11. Nxe4 Bc7 12. Re1 Nb6 13. Qh5 f6 14. b3 e5 15. Bb2 exd4 16. Nxf6+ 1-0

[Event "Liechtenstein op 29th"]
[Site "Triesen"]
[Date "2011.05.31"]
[Round "5"]
[White "Poettinger, Harald"]
[Black "Ferk, Martin"]
[Result "1/2-1/2"]
[WhiteElo "2198"]
[BlackElo "1939"]
[PlyCount "44"]
[EventDate "2011.05.27"]
[EventType "swiss"]
[EventRounds "9"]
[EventCountry "LIE"]
[SourceTitle "CBM 142 Extra"]
[Source "ChessBase"]
[SourceDate "2011.06.27"]
[SourceVersion "1"]
[SourceVersionDate "2011.06.27"]
[SourceQuality "1"]

1. c4 e6 2. g3 d5 3. Bg2 Nf6 4. Nf3 Be7 5. 0-0 0-0 6. b3 c6 7. Bb2 b6 8. d3 Bb7 9. Qc2 Nbd7 10. Nbd2 Qc7 11. cxd5 exd5 12. Rac1 Rac8 13. Qb1 Qb8 14. Rc2 c5 15. Rfc1 d4 16. b4 Nd5 17. bxc5 bxc5 18. Ba1 N7b6 19. Ne4 Nb4 20. Rxc5 Bxc5 21. Nxc5 Bxf3 22. Bxf3 Nc6 1/2-1/2

[Event "Liechtenstein op 29th"]
[Site "Triesen"]
[Date "2011.05.28"]
[Round "2"]
[White "Miezis, Normunds"]
[Black "Poettinger, Harald"]
[Result "1-0"]
[WhiteElo "2542"]
[BlackElo "2198"]
[PlyCount "33"]
[EventDate "2011.05.27"]
[EventType "swiss"]
[EventRounds "9"]
[EventCountry "LIE"]
[SourceTitle "CBM 142 Extra"]
[Source "ChessBase"]
[SourceDate "2011.06.27"]
[SourceVersion "1"]
[SourceVersionDate "2011.06.27"]
[SourceQuality "1"]

1. c4 e5 2. Nc3 d6 3. g3 f5 4. d4 Be7 5. Bg2 Nf6 6. Nf3 e4 7. Ng5 c6 8. h4 d5 9. c5 b6 10. b4 a5 11. Na4 Ra6 12. Nxb6 Rxb6 13. cxb6 axb4 14. b7 Bxb7 15. Ne6 Qd7 16. Nc5 Qc7 17. Bf4 1-0

[Event "AUT-chT2W 1011"]
[Site "Austria"]
[Date "2011.03.13"]
[Round "11.4"]
[White "Poettinger, Harald"]
[Black "Ljubic, Juro"]
[Result "1/2-1/2"]
[WhiteElo "2202"]
[BlackElo "2186"]
[PlyCount "36"]
[EventDate "2010.10.15"]
[EventType "team-tourn"]
[EventRounds "11"]
[EventCountry "AUT"]
[SourceTitle "EXT 2012"]
[Source "ChessBase"]
[SourceDate "2011.11.24"]
[SourceVersion "1"]
[SourceVersionDate "2011.11.24"]
[SourceQuality "1"]
[WhiteTeam "Bregenz"]
[BlackTeam "Schwarzach"]
[WhiteTeamCountry "AUT"]
[BlackTeamCountry "AUT"]

1. c4 e5 2. g3 d6 3. Bg2 Be7 4. Nc3 c6 5. e4 Be6 6. b3 Qd7 7. d4 exd4 8. Qxd4 Bf6 9. Qd2 Na6 10. Bb2 0-0-0 11. 0-0-0 Ne7 12. Nge2 Bh3 13. Bxh3 Qxh3 14. Nf4 Qh6 15. Nfe2 Qh5 16. Nf4 Qh6 17. Nfe2 Qh5 18. Nf4 Qh6 1/2-1/2